More power for the Soviets: perestroika and energy.

Energetika ako chrbtica sovietskej ekonomiky. Štruktúra investícií - z toho do energetiky v r. 1971-1988. Odvetvová spotreba energie v r. 1940-1990. Výroba energie - ročné tempo rastu v r. 1975-1988. Výroba a spotreba elektrickej energie v r. 1940-1988. Reštrukturalizácia energetického sektoru. Budú...

Ausführliche Beschreibung

Gespeichert in:
Bibliographische Detailangaben
1. Verfasser: Kuhnert, C.
Format: Buchkapitel
Sprache:Englisch
Schlagworte:
Tags: Tag hinzufügen
Keine Tags, Fügen Sie das erste Tag hinzu!

MARC

LEADER 00000naa a2200000 4500
001 r004744
005 20221213085301.6
041 0 |a eng 
044 |a GB 
245 1 0 |a More power for the Soviets: perestroika and energy.  |c C. Kuhnert 
520 |a Energetika ako chrbtica sovietskej ekonomiky. Štruktúra investícií - z toho do energetiky v r. 1971-1988. Odvetvová spotreba energie v r. 1940-1990. Výroba energie - ročné tempo rastu v r. 1975-1988. Výroba a spotreba elektrickej energie v r. 1940-1988. Reštrukturalizácia energetického sektoru. Budúcnosť sovietskej energetiky. 
610 2 0 |a energetika 
610 2 0 |a KPE 
610 2 0 |a ZSSR 
610 2 0 |a investície 
610 2 0 |a zmeny štruktúrne 
610 2 0 |a 1971-1988 
610 2 0 |a spotreba energie 
100 1 |a Kuhnert, C.